| 000 | 00427nam a2200181Ia 4500 | ||
|---|---|---|---|
| 001 | 11485 | ||
| 005 | 20260306162831.0 | ||
| 008 | 260306t1984||||xx |||||||||||||| ||spa|| | ||
| 041 | _aESP | ||
| 082 |
_a985.06 _bU61 V. 2 |
||
| 100 |
_aUniversidad Nacional Mayor de San Marcos _eAUT |
||
| 245 | 0 | _aLa Guerra del PacĂfico | |
| 260 | _c1984 | ||
| 300 |
_a _c |
||
| 650 | _aGEN | ||
| 654 | _aCHU | ||
| 942 |
_cLIB _dJUS _fJUS _2ddc _n |
||
| 999 |
_c11485 _d11485 |
||